00548nam a2200181 a 450000100060000000300090000600800410001504000280005608200170008410000330010124500160013426000290015030000100017959000860018965000620027594200120033799900170034915989CO-ViMGA141112s2004 ck r 000 u spa d aCO-ViMGAbspacCO-ViMGA04a863.32 G172d1 aGarcía Maffla, Jaime9267210aDon Quijote aBogotá, cColcultura,  a19.p. aForma de adquisición : Donación Biblioteca Nacional 2003 - - Precio : 15.00014aEL QUIJOTE DE LA MANCHA - CRITICA E INTERPRETACION915411 2ddccBK c25984d25984